Дело по просьбе дворянки Жозефины Недзельской о брате её Юлиане, а также об Александре Эрдман и Антоне Комарском

Доступно только в Электронных читальных залах Найти на картеНа карте
RUSMARC
00003728nmc2a22000003x 450
00167a31a44-5936-44d2-b188-b5d8decf40ab
00520210316175524.0
100##$a20181212l18671876k l0rusy0189 ca
1010#$arus
102##$aRU
2001#$aДело по просьбе дворянки Жозефины Недзельской о брате её Юлиане, а также об Александре Эрдман и Антоне Комарском
$j15 сентября 1867 г. - 10 марта 1876 г.
251##$cДело
300##$aДело
801#0$aRU
$bРГИА
$c20181212
$gRCR
801#1$aRU
$bГлавНИВЦ
$c20181212
$2rusmarc
801#2$aRU
$bПБ им. Б.Н. Ельцина
$c20210316
$gRCR
$2rusmarc
850##$aРГИА
852##$aРГИА
$eФедеральное казенное учреждение "Российский государственный исторический архив" (РГИА)
$j1327
937##$hРГИА
$d12296498
$aASBIBLIO_SCAN
462#0$100191353b96-cc3d-4f24-9eeb-3bfef1665a95
$12001
$aДела Департамента полиции исполнительной МВД за 1867 год
$1251
$cОпись
$1852
$j28
$l1867 г.
461#0$10013e300ed0-cd39-49af-8489-5ba5b90fa401
$12001
$aДепартамент полиции исполнительной МВД
$1251
$cФонд
$1852
$j1286
215##$a74 л.
$d36,5х26 см
371##$aДокумент не является опубликованным и широко распространяемым
105##$ay###
1222#$ad
035##$a67a31a44-5936-44d2-b188-b5d8decf40ab
856##$uhttp://readingroom.main.prlib.ru/item.aspx?id_node=n158895596&mode=full
Формат отображения